Pokémon ayant la stat Attaque la plus haute - Statistiques

Statistiques générales
  • Ce quiz a été pris 1 453 fois
    1 172 depuis la dernière actualisation
  • Le résultat moyen est 22 sur 49
Statistiques - réponses
Stat Pokémon % Correct
150 190 Méga-Mewtwo X
83%
383 150 Groudon
77%
386 180 Deoxys (forme attaque)
76%
386 150 Deoxys (forme base)
76%
384 180 Méga-Rayquaza
76%
383 180 Primo-Groudon
75%
384 150 Rayquaza
69%
888 170 Zacian (Épée Suprême)
66%
214 185 Méga-Scarhino
59%
646 170 Kyurem Noir
57%
373 145 Méga-Drattak
56%
289 160 Monaflémit
56%
486 160 Regigigas
56%
798 181 Katagami
55%
257 160 Méga-Braségali
55%
445 170 Méga-Carchacrok
55%
644 150 Zékrom
53%
382 150 Primo-Kyogre
52%
409 165 Charkos
50%
248 164 Méga-Tyranocif
50%
015 150 Méga-Dardargnan
49%
150 150 Méga-Mewtwo Y
49%
260 150 Méga-Laggron
47%
448 145 Méga-Lucario
47%
800 167 Ultra-Necrozma
47%
376 145 Méga-Métalosse
45%
800 157 Necrozma (Crinière du Couchant)
45%
127 155 Méga-Scarabrute
43%
475 165 Méga-Gallame
41%
130 155 Méga-Léviator
40%
212 150 Méga-Cizayox
37%
555 140 Darumacho
33%
555 140 Darumacho de Galar
33%
555 160 Darumacho de Galar (mode Transe)
33%
612 147 Tranchodon
32%
720 160 Hoopa (forme déchaînée)
30%
719 160 Méga-Diancie
30%
306 140 Méga-Galeking
29%
534 140 Bétochef
28%
354 165 Méga-Branette
28%
645 145 Démétéros (totémique)
27%
464 140 Rhinastoc
26%
319 140 Méga-Sharpedo
25%
681 140 Exagide (assaut)
24%
658 145 Amphinobi (forme Sacha)
21%
359 150 Méga-Absol
20%
809 143 Melmetal
20%
567 140 Aéroptéryx
9%
746 140 Froussardine (forme banc)
9%
Aucun quiz correspondant
Distribution des résultats
% des personnes avec chaque résultat
Percentile par nombre de réponses
Votre historique - résultats
Vous n’avez pas pris ce quiz depuis la dernière actualisation